| 000 | 01761nam0a2200313 4500 | ||
|---|---|---|---|
| 001 | RU\NLR\bibl\1830069 | ||
| 005 | 20250616164121.0 | ||
| 010 |
_a978-5-7508-0958-5 _9500 |
||
| 021 |
_aRU _b2011-80213 _95715 |
||
| 029 | 1 | 0 |
_aRU _b2.2.1.2632-10 _cСП |
| 035 | _a(NLR Aleph) 001820576 | ||
| 090 |
_a1999806 _c1999806 |
||
| 100 | _a20111108d2011 |||y0rusy50 ca | ||
| 101 | 0 | _arus | |
| 102 | _aRU | ||
| 105 | _ay l ||||| | ||
| 200 | 1 | _aГигиенические требования к проектированию вновь строящихся и реконструируемых промышленных предприятий | |
| 205 | _aИзменения и дополнения 1 к 2.2.1.1312-03 | ||
| 210 |
_aМосква _cФедеральный центр гигиены и эпидемиологии Роспотребнадзора _d2011 |
||
| 215 | _a4 с. | ||
| 225 | 1 | _a2.2.1. Гигиена труда. Проектирование, строительство, реконструкция и эксплуатация предприятий | |
| 451 | 0 |
_1001RU\NLR\bibl\814802 _12001#$aГигиенические требования к проектированию вновь строящихся и реконструируемых промышленных предприятий _9893917 _cСанкт-Петербург _d2005 _nДЕАН _p45 с. _tГигиенические требования к проектированию вновь строящихся и реконструируемых промышленных предприятий _y5-93630-449-3 |
|
| 700 | 1 |
_aСП 2.2.1.2632-10 _4070 |
|
| 801 | 0 |
_aRU _bNLR _c20111108 _gRCR |
|
| 801 | 1 |
_aRU _bNLR _c20111108 |
|
| 942 | _cBOOK | ||
| 980 | _aNB | ||
| 980 | _aNBR | ||